000 01245nam a22002777a 4500
003 OSt
005 20230210140208.0
007 cr ||||||a|c|a
008 230207s mx o|||fom||| 001 0 spa d
040 _erda
100 1 _9186011
_aPérez López, Rosalinda
245 1 _aEstudio comparativo sobre el manejo del agua potable a nivel municipal y comunitario en el municipio de Texcoco :
_bcabecera municipal versus Xocotlán y San Diego /
_cpor Rosalinda Pérez López; director de tesis Irma Salcedo Baca
264 1 _aChapingo, México :
_bEl autor,
_c2020.
300 _a1 recurso en línea (119 páginas).
336 _2rdacontent
_atexto
_btxt
337 _2rdamedia
_acomputadora
_bc
338 _2rdacarrier
_arecurso en línea
_bcr
502 _bMCSR
_cSociología
_d2020
_gMAE
504 _aIncluye referencias bibliográficas: páginas-30-34-55-56-73-75
650 4 _9127327
_aAgua potable
_zTexcoco, Méx.
650 4 _9133585
_aAgua Potable
_xAdministración
650 4 _92444
_aAgua potable
_xAbastecimiento
_xCostos
700 1 _9101493
_aSalcedo Baca, Irma
_eDirector de tesis
856 _uhttp://10.13.5.2/tesis/tm/2020_SR_Perez_Lopez_Rosalinda.pdf
_zDESCARGAR PDF
942 _2Clasificación Universidad Autónoma Chapingo
_cTD
999 _c218297
_d218297